000 01047nam a2200253 i 4500
001 156636
003 ES-MaACL
005 20230906210448.0
008 891127s1899 xxkabef |||| |beng d
040 _aCAT
_bspa
_cCAT
_dCCPB
080 _a929 Borrow, George
100 1 _aKnapp, William I.
_9128474
245 1 0 _aLife, writings and correspondence of George Borrow /
_cby William I. Knapp.
260 _aLondon :
_bJohn Murray ;
_aNew York :
_bG.P. Putnam's Sons,
_c1899.
300 _a2 v. (XVIII, 402, 6 p., [1] h. pleg., [1] h. de lám. ; VIII, 406 p., [1] h. pleg.) :
_bil. ;
_c23 cm.
500 _aÍndice.
504 _aReferencias bibliográficas.
530 _aDisponible en formato digital.
600 1 4 _aBorrow, George Henry (
_d1803-1881)
_930609
700 1 _aMurray, John.
_9130299
852 _aES-MaACL
_jF-2283-84
_z- Enc. tela
856 _uhttps://archive.org/details/lifewritingsand00knapgoog
_zInternet Archive
_z(V. 1)
856 _uhttps://archive.org/details/lifewritingsand00unkngoog
_zInternet Archive
_z(V. 2)
999 _c156636
_d156636